Score 0/20 Timer 02:00
9 Plays Today
One and ... the other % Correct
and the TrampLady
98.9%
and DarkLight
98.2%
and HateLove
97.2%
and RightLeft
96.8%
Latitude andLongitude
95.2%
and Let DieLive
95.1%
and DeathLife
94.7%
and StitchLilo
93.9%
Thelma andLouise
93.1%
Thunder andLightning
92.9%
One and ... the other % Correct
Mario andLuigi
85.3%
Conservative and Labour
82.1%
Lords andLadies
74.4%
and ShirleyLaverne
66.7%
and McCartneyLennon
65.4%
and HardyLaurel
62.2%
and GimliLegolas
32.7%
and LoeweLerner
17.4%
York andLancaster
15.6%
Hero andLeander
6%

Today's Daily Dose

Remove Ads.
Support Sporcle.
Get the best of Sporcle when you Go Orange. This ad-free experience offers more features, more stats, and more fun while also helping to support Sporcle. Thank you for becoming a member.

You're not logged in!

Compare scores with friends on all Sporcle quizzes.
OR
Log In

Show Comments

Extras

Top Quizzes Today


Score Distribution

Your Account Isn't Verified!

In order to create a playlist on Sporcle, you need to verify the email address you used during registration. Go to your Sporcle Settings to finish the process.

Report this User

Report this user for behavior that violates our Community Guidelines.

Details: